header

Sampling and the census (Record no. 9145)

MARC details
000 -LEADER
fixed length control field 01296nam a22003254a 4500
001 - CONTROL NUMBER
control field ebr10018816
003 - CONTROL NUMBER IDENTIFIER
control field CaPaEBR
006 - FIXED-LENGTH DATA ELEMENTS--ADDITIONAL MATERIAL CHARACTERISTICS--GENERAL INFORMATION
fixed length control field m u
007 - PHYSICAL DESCRIPTION FIXED FIELD--GENERAL INFORMATION
fixed length control field cr cn|||||||||
008 - FIXED-LENGTH DATA ELEMENTS--GENERAL INFORMATION
fixed length control field 990106s1999 dcua s 000 0 eng
010 ## - LIBRARY OF CONGRESS CONTROL NUMBER
Canceled/invalid LC control number 99011413
020 ## - INTERNATIONAL STANDARD BOOK NUMBER
Cancelled/invalid ISBN 0844741019 (cloth : alk. paper)
Cancelled/invalid ISBN 0844741027 (paper : alk. paper)
040 ## - CATALOGING SOURCE
Original cataloging agency CaPaEBR
Transcribing agency CaPaEBR
035 ## - SYSTEM CONTROL NUMBER
System control number (OCoLC)70763943
050 14 - LIBRARY OF CONGRESS CALL NUMBER
Classification number HA179
Item number .D37 1999eb
082 04 - DEWEY DECIMAL CLASSIFICATION NUMBER
Classification number 304.6/0723
Edition number 21
100 1# - MAIN ENTRY--PERSONAL NAME
Personal name Darga, Kenneth.
245 10 - TITLE STATEMENT
Title Sampling and the census
Medium [electronic resource] :
Remainder of title a case against the proposed adjustments for undercount /
Statement of responsibility, etc Kenneth Darga.
260 ## - PUBLICATION, DISTRIBUTION, ETC. (IMPRINT)
Place of publication, distribution, etc Washington, D.C. :
Name of publisher, distributor, etc AEI Press,
Date of publication, distribution, etc 1999.
300 ## - PHYSICAL DESCRIPTION
Extent xii, 143 p. :
Other physical details ill.
533 ## - REPRODUCTION NOTE
Type of reproduction Electronic reproduction.
Place of reproduction Palo Alto, Calif. :
Agency responsible for reproduction ebrary,
Date of reproduction 2013.
Note about reproduction Available via World Wide Web.
-- Access may be limited to ebrary affiliated libraries.
650 #0 - SUBJECT ADDED ENTRY--TOPICAL TERM
Topical term or geographic name as entry element Sampling (Statistics)
Topical term or geographic name as entry element Census undercounts
Geographic subdivision United States.
651 #0 - SUBJECT ADDED ENTRY--GEOGRAPHIC NAME
Geographic name United States
Form subdivision Census
General subdivision Methodology.
Geographic name United States
Form subdivision Census, 2000
General subdivision Methodology.
655 #7 - INDEX TERM--GENRE/FORM
Genre/form data or focus term Electronic books.
Source of term local
710 2# - ADDED ENTRY--CORPORATE NAME
Corporate name or jurisdiction name as entry element ebrary, Inc.
856 40 - ELECTRONIC LOCATION AND ACCESS
Uniform Resource Identifier <a href="http://site.ebrary.com/lib/rucke/Doc?id=10018816">http://site.ebrary.com/lib/rucke/Doc?id=10018816</a>
Public note An electronic book accessible through the World Wide Web; click to view

No items available.

© 2026 Rongo University
Contact us: librarian | system librarian | Rongo university